00409nam a2200121Ia 4500008004100000245005100041245002900092260000900121650001400130856005100144999001900195952007300214171211s9999 xx 000 0 und d aSex: Vice and Love from Antiquity to Modernity cAlastair J. L. Blanshard c2008 xSexuality uhttp://down.ebook777.com/061/9781405122917.pdf c350649d350649 001040aCLbCLd2017-12-11l0r2017-12-11 00:00:00w2017-12-11yCBE